Tezcatlipoca: burlas y metamorfosis de un dios azteca
Guardado en:
| Autor principal: | |
|---|---|
| Formato: | Libro |
| Lenguaje: | español |
| Publicado: |
Ciudad de México
Fondo de Cultura Económica
2004
|
| Edición: | 1a. ed |
| Colección: | Antropología
|
| Materias: | |
| Etiquetas: |
Agregar Etiqueta
Sin Etiquetas, Sea el primero en etiquetar este registro!
|
MARC
| LEADER | 00000cam a2200000 a 4500 | ||
|---|---|---|---|
| 001 | UCG8665 | ||
| 003 | CL-VaPUC | ||
| 008 | 111223e20040000MX |||||||||||||||||spa|d | ||
| 020 | |a 9681673360 | ||
| 082 | 0 | 4 | |a 972.01 |b OLI |2 21 |
| 100 | |a Olivier, Guilhem |e autor |9 559777 | ||
| 245 | 1 | 0 | |a Tezcatlipoca: burlas y metamorfosis de un dios azteca |
| 250 | |a 1a. ed | ||
| 300 | |a 578 p | ||
| 942 | |c BK | ||
| 945 | |d 20111223 00:00:00 |a dcastane | ||
| 260 | |a Ciudad de México |b Fondo de Cultura Económica |c 2004 | ||
| 650 | 7 | |a AZTECAS RELIGION |2 CL-VaPUC |9 559778 | |
| 650 | 7 | |a RELIGION Y MITOLOGIA |2 CL-VaPUC |9 266891 | |
| 583 | |a last modification |c 20111223 12:06:00 |k Rodrigo Vera | ||
| 490 | 0 | |a Antropología | |
| 999 | |c 346265 |d 346263 | ||
| 952 | |0 0 |1 0 |4 0 |6 972_010000000000000_OLI_2004 |7 0 |8 A |9 446907 |a BIBART |b BIBART |d 2019-11-22 |i 4816803 |o 972.01 OLI 2004 |p 4816803 |r 2025-03-13 |w 2019-11-22 |y BK |k ART | ||